000 00261nam a2200109Ia 4500
008 190216s9999||||xx |||||||||||||| ||und||
100 _aHeauer Doorly
245 4 _aThe Miracle Man
260 _bHeinemann Educational Books Ltd
650 _aEnglish
942 _cBK
999 _c12424
_d12424